| 000 | 00928nam a22002537a 4500 | ||
|---|---|---|---|
| 005 | 20170123164143.0 | ||
| 010 | _aB-201119 | ||
| 020 |
_c100.00 _a818838840 |
||
| 035 | _aB-201119 | ||
| 037 | _bCen Lib / Ret | ||
| 040 |
_aDPL _bPN |
||
| 082 |
_a851 _bਇਛੁਪਾ |
||
| 100 |
_aਇਛੁਪਾਲ _9500 |
||
| 245 |
_aਅਥਾਰੀ ਘੋਰ੍ਹੀ ਵਾਂਗ / _cਇਛੁਪਾਲ |
||
| 246 |
_aAtharey ghorhey wang : poetry _bby Ichhupaul |
||
| 260 |
_aਮਾਨਸਾ _bਉੜਾਨ ਪਬਲਿਸ਼ਰਜ਼ _c2006 |
||
| 270 |
_aਵਟਰ ਵਰਕਸ _bਮਾਨਸਾ _e151505 |
||
| 300 |
_a104p. _c22cm(Hb) |
||
| 650 |
_aਪੰਜਾਬੀ ਸਾਹਿਤ - ਕਵਿਤਾਵਾਂ _9780 |
||
| 650 |
_a ਪੰਜਾਬੀ ਕਵਿਤਾਵਾਂ _9118690 |
||
| 650 |
_aPunjabi Literature _9781 |
||
| 650 |
_aPunjabi Poetry _9118691 |
||
| 942 |
_2ddc _cPN _h851 _mਇਛੁਪਾ |
||
| 999 |
_c109777 _d109777 |
||